| 000 | 00569nam a2200217 a 4500 | ||
|---|---|---|---|
| 999 |
_c9400 _d9400 |
||
| 001 | 9400 | ||
| 003 | BD-JhCC | ||
| 005 | 20180529131106.0 | ||
| 008 | 180313s19081965bg |||| ||a| 000 0 eng d | ||
| 035 | _a(BD-JhCC)9400 | ||
| 040 |
_aBD-JhCC _dBD-JhCC |
||
| 041 | _aeng | ||
| 082 |
_a510.83 _bCAS 1965 |
||
| 100 | _aCastle, Frank . | ||
| 245 |
_aLogarithmic And Other Tables For Schools / _cFrank Castle, M.I.MECH.E. |
||
| 260 |
_aLondon: _bMacmillan and CO LTD ; _c1965. |
||
| 300 |
_a39 p. : _c19 cm. |
||
| 651 | _aLogarithmic. | ||
| 942 |
_2ddc _cBK |
||